000 00850nam a2200241Ia 4500
003 OSt
005 20220923220011.0
006 a|||||r|||| 00| 0
007 ta
008 220922b |||||||| |||| 00| 0 hin d
024 _a183,453
037 _cTextual
040 _aARTS
_cARTS
_bhin
041 _2hin
_ahin
082 _aO152,1N7:g, M6-;1
100 _aत्रिपाठी, राम मनोहर
245 0 _aहिन्दी कविता
_b संवेदना और दृष्टि
246 _aHindī kavitā: sanvedanā aur dṛuṣhṭi
260 _aदिल्ली
_b नेशनल पब्लिकेशन हाउस
_c1986
300 _a182 पृ.
_ccm.
942 _hO152,1N7:g, M6-;1
_cTEXL
_2CC
999 _c336789
_d336789